00714nam a2200157 a 450000100100000000500170001000800410002704000250006810000330009324500870012626000880021330000220030195201050032395201110042899900170053900003830320210326154637.0130408s1981 dr a 000 0 spa d aDO-SdBNPbspacBNPHU aPolanco Brito, Hugo E.9792410aSíntesis de la historia de la iglesia en Santo Domingo /cHugo E. Polanco Brito. aHigüey, República Dominicana :bObispado de Santiago de los Caballeros ,c1981. a78 p. : ;c21 cm. 0010718PDaPDbPDcHDd2013-04-08iLF1l0o p38303-10r2020-06-25w2020-06-25yLFPDZNo se presta 0010718PDaPDbPDcHDd2013-04-19iLF1l0o p38303-20r2020-06-25te. 2w2020-06-25yLFPDZNo se presta c37793d37793